| 000 | 00936cam a22002891i 4500 | ||
|---|---|---|---|
| 001 | 9885189 | ||
| 003 | EG-ScBUE | ||
| 005 | 20230713123010.0 | ||
| 008 | 720112t1967 nyu f b 001 0 eng d | ||
| 035 | _a(OCoLC)204197 | ||
| 040 |
_aDLC _beng _erda _cOClU _dOCoLC _dDLC _dEG-ScBUE |
||
| 082 | 0 | 4 |
_a909.82 _222 _bSEA |
| 100 | 1 |
_aSeabury, Paul, _eauthor. _910241 |
|
| 245 | 1 | 4 |
_aThe Rise and Decline of the Cold War/ _cPaul Seabury. |
| 264 | 1 |
_aNew York : _bBasic Books, _c[1967] |
|
| 264 | 4 | _cc1967 | |
| 300 |
_a171 pages ; _c22 cm |
||
| 336 |
_2rdacontent _atext _btxt |
||
| 337 |
_2rdamedia _aunmediated _bn |
||
| 338 |
_2rdacarrier _avolume _bnc |
||
| 504 | _aIncludes bibliographical references and index. | ||
| 650 | 7 |
_aHistory, Modern _y1945-1989. _2BUEsh _910242 |
|
| 655 | _vReading book | ||
| 710 | 2 |
_aHarvard University. _bCenter for International Affairs. _910243 |
|
| 942 |
_2ddc _cBB |
||
| 999 |
_c13108 _d13108 |
||